Batsmen Who Have Scored T20 International Centuries - Statistics

General Stats
  • This quiz has been taken 29 times
  • The average score is 8 of 20
Answer Stats
centuries country player % Correct
2 WI Chris Gayle
96%
1 NZ Martin Guptill
81%
2 NZ Brendon McCullum
73%
2 India Rohit Sharma
58%
1 Aus Aaron Finch
50%
3 NZ Colin Munro
50%
1 SL Tillakaratne Dilshan
46%
1 Eng Alex Hales
38%
1 Ind Suresh Raina
38%
1 SA David Miller
35%
1 Aus Glenn Maxwell
35%
1 SA Faf du Plessis
31%
1 Bang Tamim Iqbal
31%
1 Ind KL Rahul
27%
1 SL Mahela Jayawardene
27%
1 Aus Shane Watson
27%
2 WI Evin Lewis
23%
1 SA Richard Levi
23%
1 Pak Ahmed Shehzad
8%
1 SA Morné van Wyk
4%
No matching quizzes found
Score Distribution
Percent of People with Each Score
Percentile by Number Answered
Your Score History
You have not taken this quiz